000 01335pam a2200325 a 4500
999 _c8034
_d8034
001 2543991
003 OSt
005 20220922152731.0
008 941202s1995 enka b 001 0 eng c
010 _a 94045631
020 _a0750621672
040 _aDNLM/DLC
_cDLC
_dDLC
050 0 0 _aQP101
_b.L47 1995
060 1 0 _aWG 102 L664i 1995
082 0 0 _aWG 102 L57a 1995
_220
100 1 _aLevick, J. R.
_q(J. Rodney)
_94837
245 1 3 _aAn introduction to cardiovascular physiology /
_cJ.R. Levick.
250 _a2nd ed.
260 _aOxford ;
_aBoston :
_bButterworth-Heinemann,
_c1995.
300 _aix, 326 p. :
_bill. (some col.) ;
_c25 cm.
504 _aIncludes bibliographical references and index.
650 0 _aCardiovascular system
_xPhysiology.
_916344
650 1 2 _aCardiovascular System
_xphysiology.
_916345
856 4 2 _3Publisher description
_uhttp://www.loc.gov/catdir/enhancements/fy0636/94045631-d.html
856 4 1 _3Table of contents only
_uhttp://www.loc.gov/catdir/enhancements/fy0636/94045631-t.html
856 4 2 _3Contributor biographical information
_uhttp://www.loc.gov/catdir/enhancements/fy0723/94045631-b.html
906 _a7
_bcbc
_corignew
_d1
_eocip
_f19
_gy-gencatlg
942 _2z
_cO_SHELF